读音完全相同但是名字并不相同的县级行政区 - Statistics

General Stats
  • This quiz has been taken 16 times
  • The average score is 68 of 105
Answer Stats
省级行政区 地级行政区 县级行政区 % Correct
北京市 (直辖) 朝阳区
100%
吉林省 长春市 朝阳区
100%
上海市 (直辖) 黄浦区
100%
广东省 广州市 黄埔区
100%
广东省 汕头市 潮阳区
100%
辽宁省 铁岭市 银州区
91%
浙江省 宁波市 鄞州区
91%
天津市 (直辖) 蓟州区
82%
河北省 保定市 蠡县
82%
河北省 衡水市 冀州区
82%
山西省 长治市 潞城区
82%
山西省 晋中市 祁县
82%
辽宁省 大连市 中山区
82%
辽宁省 本溪市 溪湖区
82%
辽宁省 葫芦岛市 龙港区
82%
江苏省 无锡市 锡山区
82%
江苏省 扬州市 邗江区
82%
浙江省 杭州市 西湖区
82%
浙江省 温州市 鹿城区
82%
福建省 莆田市 涵江区
82%
福建省 莆田市 荔城区
82%
福建省 漳州市 芗城区
82%
江西省 南昌市 西湖区
82%
山东省 济南市 历城区
82%
山东省 日照市 岚山区
82%
山东省 临沂市 兰山区
82%
河南省 鹤壁市 淇县
82%
河南省 许昌市 襄城县
82%
湖北省 襄阳市 襄城区
82%
湖北省 襄阳市 襄州区
82%
湖南省 常德市 澧县
82%
广东省 深圳市 龙岗区
82%
广东省 珠海市 香洲区
82%
四川省 阿坝藏族羌族自治州 理县
82%
四川省 甘孜藏族自治州 乡城县
82%
贵州省 六盘水市 钟山区
82%
云南省 昆明市 西山区
82%
甘肃省 陇南市 礼县
82%
河北省 石家庄市 平山县
73%
河北省 邯郸市 涉县
73%
内蒙古自治区 赤峰市 红山区
73%
辽宁省 本溪市 平山区
73%
江苏省 淮安市 淮阴区
73%
安徽省 黄山市 歙县
73%
安徽省 阜阳市 太和县
73%
江西省 吉安市 泰和县
73%
山东省 济南市 槐荫区
73%
山东省 枣庄市 峄城区
73%
河南省 鹤壁市 鹤山区
73%
河南省 驻马店市 驿城区
73%
湖北省 武汉市 洪山区
73%
湖南省 益阳市 赫山区
73%
广东省 深圳市 坪山区
73%
四川省 宜宾市 屏山县
73%
山西省 忻州市 忻府区
64%
辽宁省 抚顺市 新抚区
64%
黑龙江省 鸡西市 恒山区
64%
河南省 平顶山市 舞钢市
64%
湖南省 邵阳市 武冈市
64%
广东省 惠州市 惠东县
64%
四川省 凉山彝族自治州 会东县
64%
陕西省 榆林市 横山区
64%
河北省 邢台市 清河县
55%
河北省 衡水市 武邑县
55%
山西省 晋城市 陵川县
55%
辽宁省 铁岭市 西丰县
55%
浙江省 金华市 武义县
55%
福建省 宁德市 屏南县
55%
江西省 宜春市 袁州区
55%
河南省 新乡市 原阳县
55%
广西壮族自治区 桂林市 灵川县
55%
广西壮族自治区 贵港市 平南县
55%
广西壮族自治区 玉林市 容县
55%
四川省 自贡市 荣县
55%
贵州省 贵阳市 息烽县
55%
云南省 红河哈尼族彝族自治州 元阳县
55%
宁夏回族自治区 固原市 原州区
55%
新疆维吾尔自治区 阿勒泰地区 青河县
55%
河北省 邢台市 临西县
45%
河北省 保定市 易县
45%
内蒙古自治区 赤峰市 林西县
45%
辽宁省 本溪市 明山区
45%
辽宁省 锦州市 义县
45%
江苏省 盐城市 阜宁县
45%
安徽省 安庆市 岳西县
45%
江西省 萍乡市 芦溪县
45%
湖南省 湘西土家族苗族自治州 泸溪县
45%
四川省 雅安市 名山区
45%
四川省 凉山彝族自治州 越西县
45%
云南省 红河哈尼族彝族自治州 泸西县
45%
云南省 文山壮族苗族自治州 富宁县
45%
河北省 邢台市 新河县
36%
河北省 保定市 阜平县
36%
河北省 沧州市 盐山县
36%
江西省 上饶市 铅山县
36%
河南省 新乡市 卫滨区
36%
河南省 南阳市 镇平县
36%
云南省 昆明市 宜良县
36%
云南省 昭通市 彝良县
36%
陕西省 宝鸡市 渭滨区
36%
陕西省 渭南市 富平县
36%
陕西省 安康市 镇坪县
36%
新疆维吾尔自治区 阿克苏地区 新和县
36%
河南省 新乡市 延津县
27%
云南省 昭通市 盐津县
27%
No matching quizzes found
Score Distribution
Percent of People with Each Score
Percentile by Number Answered
Your Score History
You have not taken this quiz